00480nam a2200169Ia 4500999001700000003000400017005001700021008004100038040001800079082001800097100003500115245006000150260003900210300000900249650001000258942004200268 c16039d16039OSt20200606115846.0190216s9999||||xx |||||||||||||| ||und|| cMESKC library a891.43bCHA/B1 aCandra, Sotì„ Vì„rendra9167 0aBharatiya Sanskriti Ki Sugandh /cSoti Virendra Chandra bChinmay Jnanpeed,aDelhi : c2000. a191p aHindi cBK2ddch891.43iCHA/Bk891.43mCHA/B